Lenguaje y silencio: ensayos sobre la literatura, el lenguaje y lo inhumano
Guardado en:
| Autor principal: | |
|---|---|
| Formato: | Libro |
| Lenguaje: | español |
| Publicado: |
Ciudad de México
Gedisa
1990
|
| Colección: | Literatura y Crítica Literaria
|
| Materias: | |
| Etiquetas: |
Agregar Etiqueta
Sin Etiquetas, Sea el primero en etiquetar este registro!
|
MARC
| LEADER | 00000nam a2200000 a 4500 | ||
|---|---|---|---|
| 001 | UCX5990 | ||
| 003 | CL-VaPUC | ||
| 008 | 930329e19900000MX |||||||||||||||||spa|d | ||
| 082 | 0 | 4 | |a 801 |b STE |2 21 |
| 100 | 0 | |a Steiner, George |e author |9 322366 | |
| 245 | 1 | 0 | |a Lenguaje y silencio: ensayos sobre la literatura, el lenguaje y lo inhumano |
| 300 | |a 400 p | ||
| 942 | |c BK | ||
| 945 | |d 19930329 00:00:00 | ||
| 260 | |a Ciudad de México |b Gedisa |c 1990 | ||
| 650 | 0 | |a Filosofía de la literatura |9 267374 | |
| 583 | |a last modification |c 19930329 00:00:00 |k Rodrigo Vera | ||
| 490 | 0 | |a Literatura y Crítica Literaria | |
| 999 | |c 226095 |d 226093 | ||
| 952 | |0 0 |1 0 |4 0 |6 801_000000000000000_STE_1990 |7 0 |8 A |9 224204 |a FDOPOS |b FDOPOS |d 2019-11-15 |i 2930005 |o 801 STE 1990 |p 2930005 |r 2025-01-22 |w 2019-11-15 |y BK |k MLA | ||